| 000 | 00530nam a2200217Ia 4500 | ||
|---|---|---|---|
| 008 | 150901s9999 xx 000 0 und d | ||
| 041 | _aEnglish | ||
| 082 | _a302.2 | ||
| 082 | _bVAS/FA | ||
| 100 | _aVasudeva Rao D | ||
| 100 | _eAuthor | ||
| 245 | _aFacts of rural development in India | ||
| 260 | _aNew Delhi | ||
| 260 | _bAshish Publishing House | ||
| 260 | _c1985 | ||
| 300 | _a162 Pages | ||
| 365 | _aRs .100.00 | ||
| 650 | _aintegrated developments | ||
| 650 | _aRural conditions | ||
| 942 | _cBK | ||
| 999 |
_c237125 _d237125 |
||